Hispanoamérica y el Comercio de esclavos / (Record no. 62439)

MARC details
000 -LEADER
fixed length control field 00724cam a2200217 a 4500
008 - FIXED-LENGTH DATA ELEMENTS--GENERAL INFORMATION
fixed length control field s1977 sp spa
020 ## - INTERNATIONAL STANDARD BOOK NUMBER
International Standard Book Number 8400036654
050 #4 - LIBRARY OF CONGRESS CALL NUMBER
Classification number F1419 .N4
Item number V55 1977
100 1# - MAIN ENTRY--PERSONAL NAME
Personal name Vila Vilar, Enriqueta
245 10 - TITLE STATEMENT
Title Hispanoamérica y el Comercio de esclavos /
Statement of responsibility, etc Enriqueta Vila Vilar.
260 ## - PUBLICATION, DISTRIBUTION, ETC. (IMPRINT)
Place of publication, distribution, etc Sevilla :
Name of publisher, distributor, etc Escuela de Estudios Hispanoamericanos de Sevilla,
Date of publication, distribution, etc 1977
300 ## - PHYSICAL DESCRIPTION
Extent 306 p. ;
Dimensions 24 cm.
440 #0 - SERIES STATEMENT/ADDED ENTRY--TITLE
Title Escuela de Estudios Hispano-Americanos de Sevilla ; 239
504 ## - BIBLIOGRAPHY, ETC. NOTE
Bibliography, etc Bibliografía: p. 285-294
504 ## - BIBLIOGRAPHY, ETC. NOTE
Bibliography, etc Incluye índice
650 #4 - SUBJECT ADDED ENTRY--TOPICAL TERM
Topical term or geographic name as entry element Negros en Hispanoamérica
650 #4 - SUBJECT ADDED ENTRY--TOPICAL TERM
Topical term or geographic name as entry element Trata de esclavos
General subdivision Hispanoamérica
942 ## - ADDED ENTRY ELEMENTS (KOHA)
Source of classification or shelving scheme Biblioteca del Cogreso de los Estados Unidos
Koha item type Libro
Holdings
Estado de pérdida Fuente de clasificación Estado del daño No para préstamo Ubicación permanente Ubicación actual Apartado o colección Fecha de adquisición Edición Dependencia de educación superior (DES) Área del conocimiento Clasificación Código de Barras Date last seen Número de copia Tipo de recurso
  Biblioteca del Cogreso de los Estados Unidos     Biblioteca del Instituto de Investigaciones Históricas Biblioteca del Instituto de Investigaciones Históricas General 08/06/2018 1a ed. Humanidades Ciencias Sociales y Administrativas F1419 .N4 V55 1977 IIH000022249 08/06/2018 C:1 Libro
  Biblioteca del Cogreso de los Estados Unidos     Biblioteca del Instituto de Investigaciones Históricas Biblioteca del Instituto de Investigaciones Históricas General 08/06/2018 1a ed. Humanidades Ciencias Sociales y Administrativas F1419 .N4 V55 1977 IIH000022250 08/06/2018 C:2 Libro